Labour Days Tracklist (Aesop Rock) - Statistics

General Stats
  • This quiz has been taken 6 times
  • The average score is 6 of 14
Answer Stats
Hint Answer % Correct
2 Daylight
100%
1 Labour
100%
5 No rEgrets
100%
3 Save Yourself
67%
13 9-5ers Anthem
33%
9 Battery
33%
11 Bent Life
33%
8 Coma
33%
6 One Brick
33%
14 Shovel
33%
7 The Tugboat Complex Pt. 3
33%
12 The Yes & The Y'all
33%
10 Boombox Apocalypse
0%
4 Flash Floods
0%
No matching quizzes found
Score Distribution
Percent of People with Each Score
Percentile by Number Answered
Your Score History
You have not taken this quiz